Logo BPK

Biblioteka

Politechniki Koszalińskiej

Restrukturyzacja gospodarki polskiej a proces integracji z Unią Europejską / (Rekord nr 38884)

Szczegóły MARC
000 -ETYKIETA REKORDU
podpole kontrolne o stałej długości 01270nam a2200241 i 4500
001 - NUMER KONTROLNY REKORDU
pole kontrolne bg
040 ## - ŹRÓDŁO KATALOGOWANIA
Instytucja, która utworzyła rekord BPK
041 0# - KOD JĘZYKA
Kod języka tekstu pl
080 ## - UNIWERSALNA KLASYFIKACJA DZIESIĘTNA - UKD
UKD 338.22(438:4-67)"1989/..."
008 - POLE O STAŁEJ DŁUGOŚCI - DANE KONTROLNE
podpole kontrolne o stałej długości s pl f |000 0 pol
245 00 - TYTUŁ/ODPOWIEDZIALNOŚĆ
Tytuł Restrukturyzacja gospodarki polskiej a proces integracji z Unią Europejską /
Pozostałe elementy strefy tytułu i oznaczenia odpowiedzialności [red. nauk. Jan Szczygielski].
246 11 - WARIANT TYTUŁU
Tytuł Restructuring of Polish economy and the process of integration with European Union
260 ## - STREFA ADRESU WYDAWNICZEGO
Miejsce wydania Wrocław :
Nazwa wydawcy/dystrybutora Oficyna Wydawnicza PW,
Data publikacji, dystrybucji/powstania dokumentu 1999.
300 ## - STREFA OPISU FIZYCZNEGO
Objętość 177, [1] s. :
Inne cechy fizyczne il. ;
Rozmiary 24 cm.
490 1# - STREFA SERII I DOKUMENTU WIELOCZĘŚCIOWEGO - FORMA NIE DO WYSZUKIWANIA
Tytuł i oznaczenie odpowiedzialności serii Prace Naukowe Instytutu Nauk Ekonomiczno-Społecznych Politechniki Wrocławskiej. Studia i Materiały =
-- Scientific Papers of the Institute of Economic and Social Sciences of the Technical University of Wrocław. Studies and Research,
ISSN 0239-3212 ;
Numeracja w obrębie serii 22
500 ## - UWAGI OGÓLNE
Tekst uwagi Tyt. równol. : Restructuring of Polish economy and the process of integration with European Union. - Nr serii gł.: 57.
504 ## - UWAGA DOTYCZĄCA BIBLIOGRAFII
Informacje o bibliografii Bibliogr. przy pracach.
650 #9 - HASŁO PRZEDMIOTOWE W FORMIE NAZWY OGÓLNEJ LUB JEDNOSTKOWEJ
Nazwa ogólna lub geograficzna Unia Europejska a Polska
Określnik ogólny gospodarka
650 #9 - HASŁO PRZEDMIOTOWE W FORMIE NAZWY OGÓLNEJ LUB JEDNOSTKOWEJ
Nazwa ogólna lub geograficzna Polska a Unia Europejska
Określnik ogólny gospodarka
700 1# - HASŁO DODATKOWE - NAZWA OSOBOWA
Nazwa osobowa SZCZYGIELSKI, Jan.
Określenie związku między hasłem a opisywanym materiałem Red.
830 #0 - HASŁO DODATKOWE SERII LUB DOKUMENTU WIELOCZĘŚCIOWEGO - TYTUŁ UJEDNOLICONY
Tytuł ujednolicony Prace Naukowe Instytutu Nauk Ekonomiczno-Społecznych Politechniki Wrocławskiej.
Nazwa części/sekcji dzieła Studia i Materiały ;
Oznaczenie tomu 22
856 ## - LOKALIZACJA I DOSTĘP DO ELEKTRONICZNYCH DOKUMENTÓW ZDALNYCH
Link (URL) http://koha.tu.koszalin.pl/cgi-bin/koha/opac-detail.pl?biblionumber=38884
Tekst linku Katalog online BPK
942 ## - DODATKOWE ELEMENTY (KOHA)
Typ dokumentu Książka
Egzemplarze
Wycofany Status egzemplarza Uszkodzony Dostępność Lokalizacja stała Lokalizacja bieżąca Miejsce przechowywania Sygnatura Kod kreskowy Typ dokumentu
      Dostępny Biblioteka Politechniki Koszalińskiej Biblioteka Politechniki Koszalińskiej Wypożyczalnia BG 57273 01536423 Książka
© 2023 Biblioteka Politechniki Koszalińskiej :: KOHA